Statistics for Los Angeles Clippers 2017-18 Most Games Leading Team in Scoring

Click here to take the quiz!

General Stats

  • This quiz has been taken 39 times
  • The average score is 6 of 9

Answer Stats

Player Games % Correct
Blake Griffin18
97%
Lou Williams32
94%
DeAndre Jordan6
91%
Tobias Harris12
75%
Danilo Gallinari3
69%
Austin Rivers10
59%
Montrezl Harrell4
47%
Sindarius Thornwell1
28%
Jamil Wilson1
16%

Score Distribution

Percentile by Number Answered

Percent of People with Each Score

Your Score History

You have not taken this quiz